Analýza daňových nedoplatkov v Slovenskej republike

Analýza daňových nedoplatkov v SR v období 1999-2005. Charakteristika, štruktúra a členenie daňových nedoplatkov. Vývoj daňových nedoplatkov za posedných šesť rokov. Zadefinovanie celkovej výšky daňových nedoplatkov v SR v každom skúmanom období a konkrétne problémy každého obdobia. Zhodnotenie vývo...

Ausführliche Beschreibung

Gespeichert in:
Bibliographische Detailangaben
1. Verfasser: Kušnírová, Jana, 1977-
Format: Buchkapitel
Sprache:Slowakisch
Schlagworte:
Tags: Tag hinzufügen
Keine Tags, Fügen Sie das erste Tag hinzu!

MARC

LEADER 00000naa$a2200000$$$4500
001 0066241
005 20240502071802.8
041 0 |a slo 
044 |a SK 
245 1 0 |a Analýza daňových nedoplatkov v Slovenskej republike  |c Jana Kušnírová 
520 |a Analýza daňových nedoplatkov v SR v období 1999-2005. Charakteristika, štruktúra a členenie daňových nedoplatkov. Vývoj daňových nedoplatkov za posedných šesť rokov. Zadefinovanie celkovej výšky daňových nedoplatkov v SR v každom skúmanom období a konkrétne problémy každého obdobia. Zhodnotenie vývoja a smerovanie vývoja objemu celkových daňových nedoplatkov. 
610 2 0 |a nedoplatky 
610 2 0 |a dane 
610 2 0 |a Slovensko 
610 2 0 |a správa daňová 
610 2 0 |a exekúcia daňová 
100 1 |a Kušnírová, Jana, 1977-